Conmemoración de la Fiesta de la Raza / (Record no. 20480)

MARC details
000 -LEADER
campo de control de longitud fija 00447nam a2200145 i 4500
001 - NÚMERO DE CONTROL
campo de control 20480
003 - IDENTIFICADOR DE NÚMERO DE CONTROL
campo de control ES-MaACL
005 - FECHA Y HORA DE LA ÚLTIMA TRANSACCIÓN
campo de control 20230906152318.0
007 - CAMPO FIJO DE DESCRIPCIÓN FÍSICA--INFORMACIÓN GENERAL
campo de control de longitud fija t|
008 - DATOS DE LONGITUD FIJA--INFORMACIÓN GENERAL
campo de control de longitud fija 021113s1918 sp ||||1| spa d
110 00 - ENTRADA PRINCIPAL--NOMBRE DE ENTIDAD CORPORATIVA
Nombre de entidad corporativa o nombre de jurisdicción como elemento de entrada Real Academia Hispanoamericana (Cádiz)
9 (RLIN) 6343
245 10 - MENCIÓN DEL TÍTULO
Título Conmemoración de la Fiesta de la Raza /
Mención de responsabilidad, etc. Academia Hispano-Americana de Ciencias y Artes. Madrid.
260 ## - PUBLICACIÓN, DISTRIBUCIÓN, ETC.
Lugar de publicación, distribución, etc. Madrid :
Nombre del editor, distribuidor, etc. [s.n.],
Fecha de publicación, distribución, etc. 1918.
852 ## - LOCALIZACIÓN
Ubicación ES-MaACL
Número de control de estantería 1521-F-14
Holdings
Estatus retirado Estado de pérdida Estado de daño No para préstamo Colección Biblioteca de origen Biblioteca actual Ubicación en estantería Fecha de adquisición Fuente de adquisición Total de préstamos Signatura topográfica completa Código de barras Visto por última vez Precio de reemplazo Tipo de ítem Koha
        Colección de folletos Biblioteca del Ateneo de Madrid Biblioteca del Ateneo de Madrid Depósito folletos 17/01/2008     1521-F-14 1021022 23/02/2023 23/02/2023 Folleto